| 000 | 00648nam a2200217Ia 4500 | ||
|---|---|---|---|
| 003 | GCL | ||
| 008 | 140319s9999 xx 000 0 ara d | ||
| 040 |
_aGCL / _cGCL |
||
| 082 | 0 | 4 |
_a956.03 _bس ا |
| 100 | 1 | _aسلمى مردمبك | |
| 245 | 1 | 0 |
_aاوراق جميل مردمبك: استقلال سوريا 1939 - 1945 / _cسلمى مردمبك |
| 700 | 1 | _aسلمى مردم بك | |
| 300 | _a464 | ||
| 490 |
_a100 قصة _v0 |
||
| 650 | 0 | 4 | _aالعصر الحديث |
| 650 | 0 | 4 | _aتاريخ |
| 650 | 0 | 4 | _aسوريا |
| 650 | 0 | 4 | _aالاستعمار فى البلاد العربية |
| 650 | 0 | 4 | _aجميل مردم بك |
| 942 |
_2ddc _cBK |
||
| 999 |
_c43586 _d43586 |
||